000 00476nam a2200181 a 4500
005 20140310183214.0
008 030421s19uu xx 00 eng d
020 _a0803601131
050 _aRC 440
_b.G659 2000
100 _aGorman, Linda M.
245 _aPychosocial Nursing for General Patient Care /
_cLinda M. Gorman.
260 _aUSA :
_c2000.
300 _a606 p. :
_bill. ;
_c18 cm.
521 _aNUR
942 _cBK
_2lcc
_kFOR
999 _c20209
_d20209